[Event "5th SPICE Cup GpB"]
[Site "Lubbock USA"]
[Date "2011.10.16"]
[Round "3"]
[White "Boros,De"]
[Black "Amanov,M"]
[Result "1/2-1/2"]
[WhiteElo "2508"]
[BlackElo "2541"]

1.d4 d5 2.c4 c6 3.Nf3 Nf6 4.Nc3 e6 5.Qb3 dxc4 6.Qxc4 b5 7.Qb3 a6 8.Bg5 c5
9.dxc5 Bxc5 10.a4 bxa4 11.Nxa4 Ba7 12.e3 Nbd7 13.Bd3 Rb8 14.Qa3 Qa5+ 15.Ke2 Bb7
16.e4 h6 17.Bf4 e5 18.Bd2 Qd8 19.Be3 Bxe3 20.Kxe3 Bc6 21.b4 Bxa4 22.Qxa4 O-O
23.Ke2 Qb6 24.Qxa6 Qxb4 25.Rhb1 Qc3 26.Qa3 Qxa3 27.Rxa3 Rxb1 28.Bxb1 Rb8
29.Nd2 Nc5 30.Ra5 Ne6 31.Rxe5 Rb2 32.Ra5 Nf4+ 33.Kf3 Rxd2 34.Ra8+ Kh7 35.e5+ Ng6
36.exf6 gxf6 37.Ra7 Kg7 38.Ba2 Ne5+ 39.Kg3 Rd3+ 40.f3 Rd7 41.Ra4 Rc7 42.Bd5 Rd7
43.Be4 Rc7 44.Rb4 Rd7 45.Bf5 Rc7 46.Ra4 Rb7 47.Re4 Rc7 48.Rd4 Ra7 49.h4 Ra5
50.Be4 Ra7 51.Bf5 Ra5 52.Bc2 Ra3 53.Ba4 Rc3 54.Bb5 Rc5 55.Rb4 Rc7 56.Ba6 Ra7
57.Bb7 Ra3 58.Be4 Ra7 59.Kh3 Rc7 60.Rb3 Re7 61.Rc3 Rd7 62.Bf5 Ra7 63.f4 Ng6
64.Rg3 Ra1 65.Kh2 Ra5 66.Bd3 Kh7 67.Kh3 Rh5 68.Bxg6+ fxg6 69.Rd3 Ra5 70.Rd7+ Kg8
71.Kg3 Ra3+ 72.Kf2 h5  1/2-1/2

[Event "TCh-AUT 2 Mitte 2011-12"]
[Site "St Valentin AUT"]
[Date "2011.10.22"]
[Round "2"]
[White "Petschar,K"]
[Black "Tober,G"]
[Result "1-0"]
[WhiteElo "2312"]
[BlackElo "2272"]

1.c4 Nf6 2.Nc3 e6 3.Nf3 d5 4.d4 c6 5.Qb3 Nbd7 6.Bf4 dxc4 7.Qxc4 Nd5 8.Bd2 N7f6
9.g3 Nxc3 10.Bxc3 Ne4 11.Bg2 Bd6 12.O-O O-O 13.Bb4 Bxb4 14.Qxb4 Qb6 15.Qa3 f6
16.Rac1 Bd7 17.Qe3 Nd6 18.Qf4 Nf7 19.Qd2 Rad8 20.Qc3 Bc8 21.Rfd1 Rfe8 22.e3 e5
23.dxe5 Rxd1+ 24.Rxd1 Nxe5 25.Nxe5 Rxe5 26.Rd6 Re8 27.Bd5+ Kh8 28.Bf7 Rf8
29.Qd2 Bh3 30.Bc4 Qc5 31.Bf1 Bxf1 32.Kxf1 Qc4+ 33.Kg2 Qxa2 34.Rd7 b6 35.Qd6 Rg8
36.Qxc6 h6 37.b4 Qb3 38.b5 Qa4 39.h4 a6 40.Rb7 axb5 41.Rxb6 Qg4 42.Rxb5 Rc8
43.Qf3 Qd7 44.Qd5 Qe8 45.h5 Rd8 46.Qf5 Qc6+ 47.e4 Re8 48.f3 Qc4 49.Rc5 Qe2+
50.Kh3 Qf1+ 51.Kh4 Qh1+ 52.Kg4 Qd1 53.Rc8 Rxc8 54.Qxc8+ Kh7 55.Qf5+ Kh8 56.Qd5 Qc1
57.f4 Qe3 58.Qc4 Kh7 59.Qc2 Kh8 60.Qg2 Qd3 61.Qf3 Qd7+ 62.Kh4 Qd4 63.Qe2 Kh7
64.Kh3 Qg1 65.Qd3 Kh8 66.Kg4 Qe1 67.Kf5 Kh7 68.Ke6 Qa1 69.e5+ Kh8 70.Qd8+ Kh7
71.Kf7 Qa7+ 72.Qe7 Qa5 73.exf6 Qd5+ 74.Ke8 Qxh5+ 75.Kf8  1-0

[Event "21st World Seniors"]
[Site "Rijeka CRO"]
[Date "2011.11.24"]
[Round "9.2"]
[White "Kurajica,B"]
[Black "Komljenovic,D"]
[Result "1-0"]
[WhiteElo "2532"]
[BlackElo "2451"]

1.Nf3 d5 2.d4 Nf6 3.c4 c6 4.Qb3 e6 5.Nc3 Be7 6.Bg5 O-O 7.e3 b6 8.Bd3 Bb7
9.O-O Nbd7 10.Rad1 c5 11.Bxf6 Nxf6 12.dxc5 Bxc5 13.cxd5 exd5 14.Qa4 Qe7 15.Ba6 Bxa6
16.Qxa6 Rfd8 17.a3 Rd7 18.Rd3 Rad8 19.Rfd1 h5 20.Kf1 Qe6 21.b4 Bf8 22.Nd4 Qd6
23.g3 Ng4 24.Nf3 Qe6 25.Qb5 Nf6 26.Kg2 g6 27.Nd4 Qe8 28.Nde2 Bh6 29.h3 Qe5
30.Ng1 Bg7 31.Nf3 Qe6 32.Ne2 Qe4 33.Rd4 Qc2 34.Ne5 Rd6 35.Rc1 Qf5 36.Nc6 Qd7
37.Rdd1 Ne4 38.a4 Kh7 39.Nxd8 Qxd8 40.Nd4 Rf6 41.Rc2 g5 42.f3 Nxg3 43.Kxg3 Qd6+
44.Kg2 h4 45.Qd3+ Kg8 46.Nf5 Qe5 47.Rc8+ Bf8 48.Qxd5 Rxf5 49.Qxe5 Rxe5 50.Rdd8  1-0

[Event "2nd Thanksgiving Open"]
[Site "Saint Louis USA"]
[Date "2011.11.25"]
[Round "2"]
[White "Kaidanov,G"]
[Black "Veech,John"]
[Result "1-0"]
[WhiteElo "2574"]
[BlackElo "2127"]

1.d4 d5 2.c4 e6 3.Nf3 Nf6 4.Nc3 c6 5.Qb3 dxc4 6.Qxc4 b5 7.Qd3 Nbd7 8.e4 b4
9.Na4 Bb7 10.Bg5 Qa5 11.b3 c5 12.Bxf6 gxf6 13.Be2 c4 14.Qe3 c3 15.O-O Rc8
16.d5 Nc5 17.Nd4 Ba6 18.Nc6 Rxc6 19.dxc6 Nxa4 20.bxa4 Bc5 21.Qg3 Bxe2 22.Qb8+ Ke7
23.Qxh8 Bxf1 24.Rxf1 Qd8 25.Qxd8+ Kxd8 26.Rc1 Kc7 27.Kf1 Kxc6 28.Ke2 Kb6
29.Kd3 Kc6 30.Kc4 Bxf2 31.Kb3 f5 32.exf5 e5 33.Rc2 Bg1 34.Re2 Bd4  1-0

[Event "2nd JAHV McGregor Open"]
[Site "Bogota COL"]
[Date "2011.12.11"]
[Round "9"]
[White "Verastegui,Fernando"]
[Black "Corredor Castellanos,Camilo"]
[Result "1-0"]
[WhiteElo "2114"]
[BlackElo "1924"]

1.d4 d5 2.c4 c6 3.Nc3 Nf6 4.Nf3 e6 5.Bf4 Nbd7 6.e3 Be7 7.h3 O-O 8.c5 Re8
9.Be2 h6 10.b4 b6 11.O-O Bb7 12.Rc1 bxc5 13.bxc5 a5 14.Rb1 Ba6 15.Bxa6 Rxa6
16.Rb7 Qa8 17.Rb3 Bxc5 18.dxc5 Nxc5 19.Rb2 Nfd7 20.Bd6 Nb7 21.Bg3 Rb6 22.Rxb6 Nxb6
23.Qb3 Nd7 24.Rb1 Nbc5 25.Qc2 Qa6 26.Qe2 Qa7 27.Bd6 Nb7 28.Bg3 Nbc5 29.Nd4 Qa8
30.e4 e5 31.Nf5 d4 32.Qg4 g6 33.Nd1 h5 34.Qf3 gxf5 35.Qxf5 Qd8 36.Qxh5 Qf6
37.f3 Qg6 38.Qh4 Kg7 39.Kh2 f6 40.Be1 Rh8 41.Qf2 Nd3 42.Qd2 Nf4  1-0

[Event "18th Zadar Open A"]
[Site "Zadar CRO"]
[Date "2011.12.14"]
[Round "6.10"]
[White "Pap,G"]
[Black "Bosiocic,Mari"]
[Result "0-1"]
[WhiteElo "2492"]
[BlackElo "2593"]

1.Nf3 d5 2.d4 Nf6 3.c4 c6 4.Nc3 e6 5.Qb3 dxc4 6.Qxc4 b5 7.Qd3 Nbd7 8.e4 b4
9.Na4 Bb7 10.e5 Nd5 11.Be2 Be7 12.O-O g5 13.Be3 g4 14.Nd2 c5 15.Nxc5 Nxc5
16.dxc5 Nxe3 17.Qb5+ Kf8 18.fxe3 Bxg2 19.Kxg2 Qxd2 20.Qb7 Rd8 21.Rf2 Rd7
22.Qc6 Bh4 23.Qxe6 Bxf2 24.Qh6+ Ke8 25.Kxf2 Qxb2 26.Qg7 Rf8 27.c6 Rd2 28.Re1 Qc3
29.Qf6 Rg8 30.c7 Qxc7 31.Kg1 Rg6 32.Qh8+ Ke7  0-1

[Event "Grand Prix Pyramides FFE KO"]
[Site "Le Port-Marly FRA"]
[Date "2012.01.08"]
[Round "1.1"]
[White "Tregubov,P"]
[Black "Fier,A"]
[Result "0-1"]
[WhiteElo "2599"]
[BlackElo "2603"]

1.d4 Nf6 2.Nf3 e6 3.c4 d5 4.Nc3 c6 5.Qb3 dxc4 6.Qxc4 b5 7.Qd3 Nbd7 8.e4 b4
9.Na4 Qa5 10.b3 c5 11.e5 Nd5 12.Bd2 Be7 13.Rc1 cxd4 14.Qxd4 O-O 15.Bd3 Ba6
16.O-O Bxd3 17.Qxd3 N7b6 18.Nxb6 Qxb6 19.Rc4 Qa6 20.Qc2 Rac8 21.Rc1 Nb6 22.Rxc8 Rxc8
23.Qb1 Rxc1+ 24.Bxc1 Qe2 25.Bd2 Nd5 26.Qe1 Qd3 27.h3 h6 28.Qc1 Nc3 29.Kh2 Bc5
30.Be1 Kh7 31.a3 a5 32.axb4 axb4 33.Qf4 Kg8 34.Qd2 Qb1 35.Qd8+ Bf8 36.Qc8 Qxb3
37.Nd4 Qd5 38.Nc6 Qc5 39.Qb7 Nd5 40.f3 Qe3 41.Bg3 Bc5 42.Qa8+ Kh7 43.Qa1 b3
44.Qb1+ Kg8 45.Na5 Qg1+  0-1

[Event "11th Prague Open A"]
[Site "Prague CZE"]
[Date "2012.01.15"]
[Round "3"]
[White "Mishuchkov,N"]
[Black "Bhakti,K"]
[Result "1-0"]
[WhiteElo "2418"]
[BlackElo "2258"]

1.Nf3 Nf6 2.d4 d5 3.c4 c6 4.Qb3 e6 5.Nc3 Bd6 6.Bg5 O-O 7.e3 h6 8.Bh4 Be7
9.Be2 dxc4 10.Bxc4 b5 11.Be2 a6 12.Bxf6 Bxf6 13.Ne4 Nd7 14.Qc3 Qb6 15.Nxf6+ gxf6
16.Rc1 Bb7 17.Nd2 Rfc8 18.Ne4 b4 19.Qd2 Rd8 20.Nd6 Nf8 21.Nxb7 Qxb7 22.Bf3 Rac8
23.Rc4 e5 24.Qxb4 Qxb4+ 25.Rxb4 exd4 26.Rxd4 Rxd4 27.exd4 Ne6 28.Bg4 Rd8
29.Bxe6 fxe6 30.Ke2 Rxd4 31.Rc1 Rb4 32.b3 Rb6 33.Kd3 e5 34.Ke4 Kf7 35.Kf5 a5
36.Rc4 Ra6 37.g3 Rb6 38.f3 Ra6 39.Rh4 c5 40.Rxh6 a4 41.g4 axb3 42.axb3 Rb6
43.g5 Rxb3 44.Rxf6+ Kg7 45.Kxe5 c4 46.f4 Rh3 47.Rc6 Rxh2 48.Rxc4 Ra2 49.Kf5 Ra5+
50.Kg4 Ra7 51.f5 Rb7 52.Kh5 Ra7 53.f6+ Kf7 54.Rc6  1-0

[Event "5th Gora Swietej Anny"]
[Site "Gora Swietej Anny POL"]
[Date "2012.01.19"]
[Round "9.7"]
[White "Kulas,S"]
[Black "Szmer,Aleksander"]
[Result "1-0"]
[WhiteElo "1969"]
[BlackElo "1682"]

1.d4 e6 2.c4 Nf6 3.Nf3 d5 4.Nc3 c6 5.Bf4 Nbd7 6.e3 Be7 7.Qc2 O-O 8.h3 Re8
9.Bd3 Nf8 10.O-O dxc4 11.Bxc4 Nd5 12.Bh2 Ng6 13.a3 Bd6 14.Bxd6 Qxd6 15.Bd3 Nge7
16.Bxh7+ Kf8 17.Bd3 g6 18.Qd2 Kg7 19.e4 Nxc3 20.bxc3 b6 21.Qg5 Qd8 22.Qf4 Bb7
23.Ne5 f6 24.Ng4 Ng8 25.Rad1 g5 26.Qg3 Qb8 27.e5 f5 28.Ne3 Qd8 29.f4 Kh6
30.Bxf5 exf5 31.Nxf5+ Kg6 32.Nd6 Bc8 33.f5+ Kh7 34.f6 Rf8 35.Qxg5 Qc7 36.Rf4  1-0

[Event "17th HIT Open A"]
[Site "Nova Gorica SLO"]
[Date "2012.01.29"]
[Round "5"]
[White "Raimo,Isacco"]
[Black "Muradore,Aldo"]
[Result "1/2-1/2"]
[WhiteElo "1703"]
[BlackElo "1551"]

1.d4 d5 2.c4 e6 3.Nc3 c6 4.Nf3 Nf6 5.Bf4 Bd6 6.Ne5 Bxe5 7.Bxe5 Nbd7 8.Bd6 Ne4
9.Nxe4 dxe4 10.e3 Nf6 11.Bb4 Qc7 12.f3 exf3 13.Qxf3 e5 14.Bd3 Bg4 15.Qg3  1/2-1/2

[Event "Gibraltar Open"]
[Site "Caleta ENG"]
[Date "2012.01.30"]
[Round "7.34"]
[White "Ikonnikov,Vy"]
[Black "Schiendorfer,E"]
[Result "1/2-1/2"]
[WhiteElo "2531"]
[BlackElo "2354"]

1.d4 d5 2.c4 c6 3.Nf3 Nf6 4.Nc3 e6 5.Qb3 dxc4 6.Qxc4 b5 7.Qb3 Nbd7 8.Bg5 Be7
9.g3 a6 10.Bg2 Bb7 11.Ne5 Nxe5 12.dxe5 Nd7 13.Bxe7 Qxe7 14.f4 O-O 15.O-O Rab8
16.Ne4 c5 17.Qc2 Rfd8 18.Rfd1 Bxe4 19.Bxe4 f5 20.Bf3 Nb6 21.e4 g6 22.exf5 gxf5
23.Rxd8+ Rxd8 24.Rd1 c4 25.Rxd8+ Qxd8 26.Qd1 Qxd1+ 27.Bxd1 Nd5 28.Kf1 a5
29.Ke1 Nb4 30.a4 Nd3+ 31.Kd2 b4 32.Kc2 Nc5 33.Be2 Nxa4 34.Bxc4 Nc5 35.Kd2 Kf7
36.Ke3 a4 37.Kd4 Nd7 38.Ba2 a3 39.Kc4 axb2 40.Kxb4 Nb6 41.Kc3 Nd5+ 42.Kxb2 Ne3
43.h3 h5 44.Kc3 Nf1 45.Kd4 Nxg3 46.h4 Ne4 47.Ke3 Nc5 48.Kd4 Ne4 49.Ke3 Nc5
50.Bc4 Nd7 51.Be2 Kg6 52.Bb5 Nb6 53.Be8+ Kg7 54.Bxh5 Nd5+ 55.Kf3 Nc7 56.Kg3 Kh6
57.Bf3 Ne8 58.Kf2 Ng7 59.Ke3 Nh5 60.Bd1 Kg6 61.Bb3 Ng7 62.Bd1 Nh5 63.Be2 Kh6
64.Bxh5 Kxh5 65.Kd4 Kxh4 66.Kc5 Kg4 67.Kd6 Kxf4 68.Kxe6 Kg4 69.Kd5 f4 70.e6 f3
71.e7 f2 72.e8=Q f1=Q 73.Qg6+ Kf3 74.Qf5+ Ke2 75.Qxf1+ Kxf1  1/2-1/2

[Event "Schachbundesliga 2011-12"]
[Site "Dresden GER"]
[Date "2012.02.04"]
[Round "8"]
[White "Muse,D"]
[Black "Ribli,Z"]
[Result "1/2-1/2"]
[WhiteElo "2388"]
[BlackElo "2588"]

1.Nf3 Nf6 2.c4 e6 3.d4 d5 4.Nc3 c6 5.Qb3 dxc4 6.Qxc4 b5 7.Qb3 Nbd7 8.e4 b4
9.Na4 Nxe4 10.Bd3 Nef6 11.O-O Be7 12.Bg5 O-O 13.Rac1 Nd5 14.Bxe7 Qxe7 15.Rfe1 Bb7
16.Ne5 Nxe5 17.Rxe5 h6 18.Nc5 Rab8 19.Bc4 Bc8 20.Bxd5 cxd5 21.Qg3 Rb6 22.f4 Qc7
23.Qe1 Rc6 24.Qd2 a5 25.h3 Qd6 26.Rf5  1/2-1/2

[Event "ch-Central Serbia 2012"]
[Site "Pozarevac SRB"]
[Date "2012.02.16"]
[Round "5.9"]
[White "Peric,Sl"]
[Black "Todorovic,GM"]
[Result "0-1"]
[WhiteElo "2228"]
[BlackElo "2509"]

1.d4 d5 2.c4 e6 3.Nf3 Nf6 4.Nc3 c6 5.Qb3 dxc4 6.Qxc4 b5 7.Qb3 Nbd7 8.g3 a6
9.Bg2 Bb7 10.O-O c5 11.Rd1 cxd4 12.Nxd4 Bxg2 13.Kxg2 Qb6 14.Nf3 Bc5 15.a4 Bxf2
16.axb5 O-O 17.Bf4 Bc5 18.Qc4 axb5 19.Qxb5 h6 20.Rxa8 Rxa8 21.h3 g5 22.Qxb6 Nxb6
23.Bc7 Nbd5 24.Nxd5 Nxd5 25.Rc1 Be3  0-1

[Event "Vladimir Petrov Mem A 2012"]
[Site "Jurmala LAT"]
[Date "2012.02.17"]
[Round "8.1"]
[White "Kovalenko,I"]
[Black "Krasenkow,M"]
[Result "1-0"]
[WhiteElo "2587"]
[BlackElo "2607"]

1.d4 d5 2.c4 e6 3.Nc3 c6 4.Qb3 Nf6 5.Nf3 Nbd7 6.Bg5 Qa5 7.Bd2 Qb6 8.e3 Be7
9.Qc2 O-O 10.Bd3 dxc4 11.Bxc4 c5 12.O-O cxd4 13.exd4 a6 14.Rfe1 Qc7 15.Bb3 b5
16.Ne5 b4 17.Na4 Qxc2 18.Bxc2 Bb7 19.Rac1 Rac8 20.Bg5 Nxe5 21.dxe5 Nd5 22.Bxe7 Nxe7
23.Bd3 Rfd8 24.Nc5 Bd5 25.Bxa6 Rc7 26.Nd3 Rxc1 27.Rxc1 Bxa2 28.Nxb4 Bb3 29.g3 g5
30.Rc3 Rd1+ 31.Kg2 Bd5+ 32.Nxd5 Nxd5 33.Rc2 Nb4 34.Rc8+ Kg7 35.Bc4 Rd2 36.b3 Nd3
37.Bxd3 Rxd3 38.b4 Rd4 39.Rb8 Rd5 40.Rc8 Rd4 41.b5 Rd5 42.b6 Rb5 43.Rc6 Rxe5
44.b7 Rb5 45.Rc7 Kg6 46.Kf3 f5 47.Ke3 e5 48.Kd3 f4 49.g4 Kf6 50.Kc4 Rb2 51.Kc5 Rc2+
52.Kd6 Rb2 53.Kc6 Ke6 54.Rc8 Rc2+ 55.Kb6 Rxf2 56.Rc5  1-0

[Event "2nd HD Bank Cup 2012"]
[Site "Ho Chi Minh City VIE"]
[Date "2012.03.03"]
[Round "3.16"]
[White "Tong,Thai Hung"]
[Black "Vo Thanh Ninh"]
[Result "0-1"]
[WhiteElo "2126"]
[BlackElo "2340"]

1.d4 d5 2.c4 c6 3.Nf3 Nf6 4.Qb3 e6 5.Nc3 h6 6.g3 Bd6 7.Bg2 Nbd7 8.O-O dxc4
9.Qxc4 O-O 10.Rd1 Qe7 11.e4 e5 12.d5 Nb6 13.Qb3 Bg4 14.h3 Bxf3 15.Bxf3 Bc5
16.dxc6 bxc6 17.Ne2 Rab8 18.Qc2 Rfd8 19.Bd2 Nbd7 20.Rac1 Qe6 21.Ba5 Rdc8
22.b3 Qxh3 23.Bg2 Qh5 24.Be1 Bb6 25.Rd3 Nc5 26.Rc3 Ne6 27.Bf3 Ng4 28.Rxc6 Rxc6
29.Qxc6 Bxf2+ 30.Kf1 Nh2+  0-1

[Event "2nd HD Bank Cup 2012"]
[Site "Ho Chi Minh City VIE"]
[Date "2012.03.04"]
[Round "5.39"]
[White "Vu Thi Dieu Ai"]
[Black "Xu Hanbing"]
[Result "0-1"]
[WhiteElo "1833"]
[BlackElo "2328"]

1.d4 Nf6 2.c4 e6 3.Nc3 d5 4.Nf3 c6 5.Bf4 dxc4 6.Bxb8 Rxb8 7.Ne5 Be7 8.e3 Nd7
9.Nxc4 b5 10.Nd2 O-O 11.Be2 b4 12.Nce4 c5 13.dxc5 Nxc5 14.Nxc5 Bxc5 15.Qc2 Be7
16.O-O Bb7 17.Rfd1 Qa5 18.Nb3 Qg5 19.Bf1 Rbc8 20.Qe2 Rc7 21.Rac1 Rfc8 22.Qb5 Qxb5
23.Bxb5 Bf6 24.Rxc7 Rxc7 25.Rd2 g6 26.f3 Be5 27.Kf2 h5 28.f4 Bf6 29.Be2 Be4
30.Nd4 e5 31.Nb5 Rc5 32.Nd6 Bd5 33.b3 exf4 34.exf4 Bc3 35.Rd1 a5 36.Bc4 Bxc4
37.Nxc4 a4 38.Rd3 Kg7 39.h4 Rc6 40.Ke2 Ra6 41.Rd1 axb3 42.axb3 Ra2+ 43.Kf3 Ra3
44.Rb1 Bf6 45.g3 Ra2 46.Rd1 Rc2 47.Ke3 Be7 48.Ne5 Kf6 49.Rd2  0-1

[Event "28th Cappelle Open"]
[Site "Cappelle la Grande FRA"]
[Date "2012.03.07"]
[Round "6.26"]
[White "Sanikidze,T"]
[Black "Peric,Sl"]
[Result "1-0"]
[WhiteElo "2549"]
[BlackElo "2237"]

1.d4 d5 2.c4 c6 3.Nf3 Nf6 4.Nc3 e6 5.Qb3 h6 6.g3 Bd6 7.Bg2 Nbd7 8.O-O O-O
9.Rd1 Qe7 10.Nd2 Bc7 11.e4 dxe4 12.Ndxe4 Nxe4 13.Nxe4 Nf6 14.Bd2 Nxe4 15.Bxe4 Bd6
16.Bc3 Qc7 17.Re1 b6 18.Rac1 Rb8 19.Bb1 c5 20.Qc2 f5 21.Qe2 Qf7 22.Rcd1 Re8
23.dxc5 Bxc5 24.Bc2 Bd7 25.Qe5 Rb7 26.Rd2 Be7 27.Qe2 Bf6 28.Be5 Be7 29.Qf3 Bc8
30.Ba4 Rf8 31.a3 Bg5 32.Rd3 Qg6 33.Bd6 Rd8 34.Be5 Rf8 35.Bd6 Rd8 36.Red1 Rf7
37.Bf4 Rxd3 38.Rxd3 Bb7 39.Qe3 Be4 40.Rd2 Re7 41.f3 Bb7 42.Rd8+ Kh7 43.Bxg5 Qxg5
44.Kf2 Qh5 45.h4 g5 46.Qc3 e5 47.Bc2 gxh4 48.g4 Qg5 49.Bxf5+ Kg7 50.Rd7 Rxd7
51.Qxe5+ Qf6 52.Qxf6+ Kxf6 53.Bxd7 Ke5 54.Kg2 a5 55.Kh3 Bxf3 56.Kxh4 Kd4
57.Kh5 Kxc4 58.Be6+ Kd3 59.Kxh6 Kc2 60.g5 Be4 61.a4 Kxb2 62.g6  1-0

[Event "13th EICC"]
[Site "Plovdiv BUL"]
[Date "2012.03.28"]
[Round "8.36"]
[White "Melkumyan,H"]
[Black "Esen,B"]
[Result "1-0"]
[WhiteElo "2628"]
[BlackElo "2555"]

1.d4 d5 2.c4 c6 3.Nf3 Nf6 4.Nc3 e6 5.Qb3 Nbd7 6.Bg5 h6 7.Bh4 Be7 8.e3 Ne4
9.Bxe7 Qxe7 10.Rc1 O-O 11.Be2 Nxc3 12.Qxc3 dxc4 13.Qxc4 e5 14.O-O exd4 15.Nxd4 Nf6
16.Bf3 Re8 17.Rfd1 Bd7 18.a4 a5 19.Qb3 Bg4 20.Bxg4 Nxg4 21.h3 Nf6 22.Nf5 Qe6
23.Qxe6 Rxe6 24.Nd6 Re7 25.Nc4 Rd7 26.Nb6 Rxd1+ 27.Rxd1 Re8 28.b3 Kf8 29.Nc4 Ra8
30.f3 g6 31.e4 h5 32.Kf2 Ke7 33.Ke3 Ra6 34.Kf4 Nd7 35.Nd6 Nc5 36.Nc8+ Kf6
37.e5+ Kg7 38.g4 Ra8 39.Nd6 hxg4 40.hxg4 b5 41.Ne4 Ne6+ 42.Kg3 Rd8 43.Nd6 Rb8
44.Rh1 Nd4 45.f4 bxa4 46.bxa4 f6 47.exf6+ Kxf6 48.Ne4+ Kg7 49.Ng5 Rb3+ 50.Kf2 Rb4
51.Rh7+ Kg8 52.Rd7 c5 53.Rd6 Kg7 54.Rd7+ Kg8 55.Rd5 Nb3 56.Rd8+ Kg7 57.Rd7+ Kg8
58.Ne6 c4 59.Rc7 c3 60.Rxc3 Nd4 61.Rc8+ Kf7 62.Ng5+ Ke7 63.Rg8 Kf6 64.Rf8+ Kg7
65.Rf7+ Kg8 66.Rd7 Nc2 67.Ne6 Rxa4 68.Rg7+ Kh8 69.Rxg6 Ra2 70.Rf6 a4 71.Kg3 a3
72.g5 Ra1 73.g6 Rg1+ 74.Kf2 Rxg6 75.Rxg6 a2 76.Rg1 a1=Q 77.Rxa1 Nxa1 78.Nd4 Kg7
79.Ke3 Kg6 80.Ke4 Kf6 81.f5 Kf7 82.Ke5 Ke7 83.f6+ Kf7  1-0

[Event "O2C Doeberl Cup Premier 2012"]
[Site "Canberra AUS"]
[Date "2012.04.05"]
[Round "2.13"]
[White "Wyss,F"]
[Black "Lane,G"]
[Result "0-1"]
[WhiteElo "1858"]
[BlackElo "2368"]

1.d4 d5 2.c4 c6 3.Nc3 Nf6 4.Nf3 e6 5.Bf4 dxc4 6.e3 b5 7.Ne5 Bb7 8.b3 Bb4
9.Qc2 Qa5 10.Rc1 Nd5 11.e4 Nxc3 12.Bd2 Nxe4 13.Bxb4 Qxb4+ 14.Kd1 c5 15.bxc4 cxd4
16.Nd3 Qxc4 17.Qb2 Qa4+ 18.Ke1 Qa5+ 19.Kd1 Nc3+ 20.Kc2 Na6 21.a3 Rc8  0-1

[Event "Sydney International Open"]
[Site "Parramatta AUS"]
[Date "2012.04.13"]
[Round "5.7"]
[White "Akshat,Kh"]
[Black "Liu,Yi"]
[Result "1/2-1/2"]
[WhiteElo "2411"]
[BlackElo "2116"]

1.d4 d5 2.c4 e6 3.Nc3 c6 4.Nf3 Nf6 5.Qb3 dxc4 6.Qxc4 b5 7.Qd3 a6 8.e4 c5
9.dxc5 Bxc5 10.Qxd8+ Kxd8 11.Bd3 Bb7 12.O-O Nbd7 13.e5 Nd5 14.Ne4 f5 15.exf6 gxf6
16.a3 Ke7 17.Bd2 Bb6 18.a4 f5 19.Bg5+ N5f6 20.Ned2 Nc5 21.Bc2 Ba5 22.axb5 axb5
23.Be3 Ncd7 24.Nd4 Rhg8 25.g3 Nd5 26.N2f3 Nxe3 27.fxe3 Bb6 28.Rxa8 Rxa8 29.Bd3 Bxf3
30.Nxf3 Bxe3+ 31.Kg2 Nc5 32.Bb1 f4  1/2-1/2

[Event "Teplice Open 2012"]
[Site "Teplice CZE"]
[Date "2012.06.21"]
[Round "6.45"]
[White "Papay,M"]
[Black "Hruby,Va"]
[Result "1-0"]
[WhiteElo "1939"]
[BlackElo "1751"]

1.d4 d5 2.Nf3 Nf6 3.c4 c6 4.Nc3 e6 5.Bf4 Be7 6.e3 O-O 7.Bd3 Nbd7 8.O-O Re8
9.Re1 h6 10.e4 dxe4 11.Nxe4 Nxe4 12.Bxe4 Nf6 13.Bc2 c5 14.Qd3 cxd4 15.Be5 g6
16.Bxd4 Nd7 17.Qe3 Bf8 18.Ne5 Bg7 19.Rad1 Qc7 20.Nxd7 Bxd7 21.Bxg7 Kxg7 22.Qd3 Kg8
23.Qxd7 Qxc4 24.Bb3 Qb4 25.Qd4 Qa5 26.Qd2 Qb6 27.Qxh6  1-0

[Event "Teplice Open 2012"]
[Site "Teplice CZE"]
[Date "2012.06.23"]
[Round "8.45"]
[White "Tejkal,J"]
[Black "Hruby,Va"]
[Result "1-0"]
[WhiteElo "1909"]
[BlackElo "1751"]

1.d4 d5 2.c4 c6 3.Nf3 Nf6 4.Nc3 e6 5.Bf4 Nbd7 6.e3 Be7 7.Qc2 O-O 8.Bd3 dxc4
9.Bxc4 b5 10.Bd3 Bb7 11.O-O h6 12.h3 a6 13.Rad1 Rc8 14.Qe2 Qb6 15.Ne5 Rfd8
16.Bb1 c5 17.Nxd7 Rxd7 18.dxc5 Qxc5 19.e4 Rxd1 20.Rxd1 e5 21.Be3 Qc7 22.Nd5 Nxd5
23.exd5 Bf8 24.Be4 Qd6 25.Bf5 Re8 26.Be4 g6 27.g4 Rc8 28.Qd2 g5 29.Bb1 Rc7
30.Qd3 f6 31.Qg6+ Kh8 32.Be4 Bc8 33.Bf3 f5 34.gxf5 Qxg6 35.fxg6 Bxh3 36.d6 Rd7
37.Bc5 Bf5 38.Bc6 Rd8 39.b4 Bxg6 40.d7 Bxc5 41.bxc5 Bf5 42.Bb7 Rxd7 43.Rxd7 Bxd7
44.c6 Bxc6 45.Bxc6 b4 46.Kg2 Kg7 47.Kf3 h5 48.Be8 h4 49.Kg4 Kf6 50.Bd7 a5
51.Bc6 Kg6 52.Be4+ Kf6 53.Bc2 Ke6 54.Kxg5 h3 55.Kg4 h2 56.Be4 a4 57.Kg3 h1=Q
58.Bxh1 a3 59.Be4 b3 60.Bb1 bxa2  1-0

[Event "65th ch-RUS HL"]
[Site "Tyumen RUS"]
[Date "2012.06.25"]
[Round "9"]
[White "Matlakov,M"]
[Black "Stukopin,A"]
[Result "1-0"]
[WhiteElo "2668"]
[BlackElo "2502"]

1.Nf3 d5 2.d4 Nf6 3.c4 c6 4.Nc3 e6 5.Qb3 Be7 6.Bg5 O-O 7.e3 Nbd7 8.Bd3 dxc4
9.Qxc4 c5 10.dxc5 Nxc5 11.Bc2 b6 12.Rd1 Qc7 13.Nb5 Qb7 14.b4 Ncd7 15.O-O h6
16.Bh4 a5 17.e4 Bxb4 18.e5 Nd5 19.a3 Bc5 20.Nc3 Qa6 21.Qe4 f5 22.exf6 N7xf6
23.Bxf6 Nxf6 24.Qg6 Qb7 25.Ne4 Qc7 26.Rfe1 Bb7 27.Nxf6+ Rxf6 28.Qh7+ Kf8
29.Qh8+  1-0

[Event "35th Barbera Open A"]
[Site "Barbera del Valles ESP"]
[Date "2012.07.06"]
[Round "3.15"]
[White "Ivakhinova,I"]
[Black "Ortiz Suarez,I"]
[Result "0-1"]
[WhiteElo "2306"]
[BlackElo "2562"]

1.d4 d5 2.c4 c6 3.Nf3 Nf6 4.Nc3 e6 5.Qb3 a6 6.Bg5 dxc4 7.Qxc4 b5 8.Qd3 c5
9.e4 cxd4 10.Nxd4 Nbd7 11.Rd1 Bb7 12.a3 b4 13.axb4 Bxb4 14.f3 O-O 15.Be2 Qa5
16.Be3 Ne5 17.Qc2 Rfc8 18.Rc1 Nc4 19.Bxc4 Rxc4 20.O-O Qc7 21.Rfd1 Rc8 22.Nde2 a5
23.Qb3 Ba6 24.Na4 Rxc1 25.Rxc1 Qb8 26.Rxc8+ Qxc8 27.Nac3 Nd7 28.Qd1 Ne5 29.Qd4 Qc4
30.Qd1 h6 31.Bd4 Nd3 32.b3 Qc7 33.Na4 Qd6 34.Be3 Nf4 35.Nec3 Qc7 36.g3 Nd3
37.Na2 Bd6 38.Kg2 f5 39.exf5 exf5 40.Bb6 Qd7 41.Qd2 Qe6 42.Bxa5 Qxb3 43.N2c3 Kh7
44.Qd1 Qe6 45.Bb6 Bb4 46.Bd4 Qc4 47.Ne2 Qd5 48.Nb6 Qa2 49.Kg1 Qe6 50.Kg2 Ba5
51.Na4 Qd5 52.Bf2 Nf4+  0-1

[Event "St. Pauli Open 2012"]
[Site "Hamburg GER"]
[Date "2012.07.07"]
[Round "1.17"]
[White "Groeppel,P"]
[Black "Stenner,P"]
[Result "0-1"]
[WhiteElo "1977"]
[BlackElo "2237"]

1.d4 d5 2.c4 c6 3.Nf3 Nf6 4.Nc3 e6 5.Bf4 dxc4 6.e3 b5 7.a4 Bb4 8.Nd2 Nd5
9.Be5 Nd7 10.Bxg7 Rg8 11.Bh6 Bxc3 12.bxc3 Qh4 13.Bf4 Nxf4 14.exf4 Qxf4 15.g3 Qc7
16.Bg2 Bb7 17.O-O a6 18.axb5 cxb5 19.d5 Nc5 20.dxe6 O-O-O 21.Bxb7+ Qxb7 22.exf7 Qxf7
23.Qc2 Rd3 24.Rfd1 Qf6 25.Rac1 Rgd8 26.Nf1 Na4 27.Ne3 Qxc3 28.Rxd3 Rxd3 29.Qb1 Qb2
30.Qa1 c3  0-1

[Event "11th La Fere Open"]
[Site "La Fere FRA"]
[Date "2012.07.07"]
[Round "1.34"]
[White "Duquenne,Eddy"]
[Black "Lebret,Loriane"]
[Result "1/2-1/2"]
[WhiteElo "1520"]
[BlackElo "1655"]

1.d4 d5 2.c4 c6 3.Nc3 Nf6 4.Nf3 e6 5.Bf4 Nbd7 6.e3 Be7 7.Bd3 dxc4 8.Bxc4 Nb6
9.Bd3 O-O 10.Qc2 Nbd5 11.Bg3 Nb4 12.Qb1 Nxd3+ 13.Qxd3 Nh5 14.O-O Nxg3 15.hxg3 c5
16.Rfd1 cxd4 17.exd4 Bd7 18.Ne5 Rc8 19.Ne4 Bc6 20.Nxc6 Rxc6 21.Rac1 Rxc1
22.Rxc1 Qb6 23.Rc2 Rd8 24.Rd2 f5 25.Nc3 Bf6 26.Ne2 e5 27.Qxf5 exd4 28.Qd3 Qa5
29.Qc4+ Kf8 30.Qd3 Qxa2 31.Nf4 Bg5 32.b3 Qa5 33.Ne6+ Ke7 34.Nxg5 Qxg5 35.Re2+ Kf7
36.Re4 Qc1+ 37.Kh2 Qc3 38.Rf4+ Kg8 39.Rf3 Qb4 40.g4 Qd6+ 41.g3 Rc8 42.Qe4 Qh6+
43.Kg2 Qb6 44.Rd3 Rd8 45.g5 h5  1/2-1/2

[Event "FSFMB July 2012"]
[Site "Budapest HUN"]
[Date "2012.07.09"]
[Round "3.6"]
[White "Prohaszka,Gyula Imre"]
[Black "Balla,A"]
[Result "0-1"]
[WhiteElo "1260"]
[BlackElo "1782"]

1.d4 d5 2.c4 e6 3.Nf3 Nf6 4.Nc3 c6 5.Bf4 Nbd7 6.e3 Be7 7.c5 O-O 8.b4 Nh5
9.Bg3 Nxg3 10.hxg3 Bf6 11.Qc2 g6 12.Bd3 e5 13.dxe5 Nxe5 14.Nxe5 Bxe5 15.O-O d4
16.exd4 Qxd4 17.Ne2 Qxb4 18.Rab1 Qg4 19.a3 Re8 20.Rb4 Qe6 21.Re4 Qd5 22.f4 Bf5
23.Rxe5 Rxe5 24.fxe5 Bxd3 25.Qb2 Qxc5+ 26.Kh1 Bxe2 27.Qxe2 Qxa3 28.Qf2 Qe7
29.Qf4 a5 30.Rd1 a4 31.Rf1 a3 32.Qh6 Qxe5 33.Qc1 a2 34.Qc4 a1=Q 35.Qxf7+ Kh8
36.Rxa1 Rxa1+ 37.Kh2 Qh5+  0-1

[Event "Int Open ch-SVK 2012"]
[Site "Banska Stiavnica SVK"]
[Date "2012.07.15"]
[Round "9.23"]
[White "Peitl,T"]
[Black "Turkova,K"]
[Result "1-0"]
[WhiteElo "2213"]
[BlackElo "2005"]

1.d4 d5 2.c4 c6 3.Nf3 Nf6 4.Nc3 e6 5.Bf4 Bd6 6.Bxd6 Qxd6 7.e3 O-O 8.Qc2 Nbd7
9.Rd1 Re8 10.Be2 a6 11.O-O dxc4 12.e4 Qe7 13.e5 Nd5 14.Ne4 b5 15.h4 h6 16.g4 c5
17.Nd6 Rd8 18.dxc5 Nxc5 19.g5 Nb4 20.Qd2 Nbd3 21.gxh6 gxh6 22.b4 Nb7 23.Bxd3 cxd3
24.Ne4 Qf8 25.Nf6+ Kh8 26.Kh2 Nd6 27.Qxd3 Qg7 28.Rg1 Bb7 29.Rxg7 Kxg7 30.Qh7+  1-0

[Event "7th Nana Aleksandria Cup"]
[Site "Poti GEO"]
[Date "2012.07.15"]
[Round "2.19"]
[White "Zeynalov,F"]
[Black "Mammadova,Narmin"]
[Result "1-0"]
[WhiteElo "2325"]
[BlackElo "1990"]

1.d4 d5 2.c4 c6 3.Nf3 Nf6 4.Qb3 e6 5.Nc3 Bd6 6.Bg5 Nbd7 7.e3 h6 8.Bh4 O-O
9.Bd3 b6 10.O-O Bb7 11.cxd5 exd5 12.Rad1 Be7 13.Qc2 Re8 14.Bf5 Nf8 15.Rfe1 g6
16.Bd3 Ne4 17.Bg3 Nxg3 18.hxg3 Bf6 19.b4 Qe7 20.Qb3 Ne6 21.Re2 Red8 22.Rb1 Rac8
23.Qa4 a6 24.Reb2 Rc7 25.Ne2 c5 26.bxc5 bxc5 27.Qa3 Rdc8 28.Rb6 c4 29.Qxe7 Bxe7
30.Bc2 Nd8 31.Nc3 Kg7 32.Ne5 Bf6 33.f4 Bxe5 34.fxe5 Re7 35.Bd1 Rcc7 36.Bf3  1-0